Datum a čas kvízu

22 Celkem bodů Celkový počet nahraných bodů na tomto kvízu bez doplňovacích otázek.
14. Pořadí na kvízu Konečné umístění týmu na tomto kvízu.

Zaznamenané odpovědi

# Otázka Odpověď Body Výsledky
1. Jiří Langmajer, Zdislava Pokor... Hejt není názor 0
2. V ugandském národním parku Kib... šimpanz 0
3. V sobotu se na pražském Výstav... Mňága a Žďorp 0
4. Americký deník The New York Ti... bitcoin 1
5. Cyklistický závod Kolem Flande... A 1
6. Vaším prvním úkolem v dnešním... 1B 2C 3D 4A 0
7. Poznejte (parodii na) gangster... Někdo to rád horké (Some Like It Hot) 0
8. Italští herci Carlo Pedersoli... Bud Spencer a Terence Hill 1
9. Gangster, na kterého se ptáme,... Jabba Hutt 1
10. Uveďte jméno i příjmení postav... John Wick 0